00652nam a2200193Ia 4500001001000000003000500010008004100015010001100056040000900067082001900076100001800095245007900113260005400192300001500246440001900261500004600280650009600326710003600422Para_7981CHAP220125s1914 xx 000 0 und d a206910 cCHAP aPA-C 595.75 H4 aTurner, W. F. aThe oak scale and its control lecanium quercifex fitch /c by W. F. Tuner aOpelika, Ala :b Agricultural Experiment Station, a105-109 p. aHemiptera ; 10 aEncuadernado con otros impresos similares aHemípteros x colecciones de escritos / Roblexplagas / Control biológico de insectos aAlabama, Agr. Sta. Circular; 28